000 00570nam a2200205Ia 4500
005 20250326145051.0
008 250326s9999 xx 000 0 und d
037 _aTextbook
040 _aFMSL
_beng
_cFMSL
041 _aeng
_2eng
084 _aX:74 P5
_qFMSL
100 _aGrote D
_9747875
245 0 _aForced ranking: making performance management work
_cGrote D
260 _aNew Delhi
_bNew Delhi, Harvard Business School
_c2010
300 _a260p
365 _b1400
650 _aManagement
942 _cTB
_hX:74 P5
999 _c1306253
_d1306253